skbl

Dr Suryya Kumar Bhuyan Library Web-OPAC
ডঃ সূৰ্য্য
কুমাৰ ভূঞা পুথিভঁৰাল ৱেব-অ'পেক

All Research Scholars are advised to clear the annual library fees to continue using Library Resources, Remote Access, Plagiarism Test and Library Clearance.

Cotton University Book Fair 2026

Prabandha Sangraha / (Record no. 11111)

MARC details
000 -LEADER
fixed length control field 00643nam a2200253Ia 4500
001 - CONTROL NUMBER
control field 11124
005 - DATE AND TIME OF LATEST TRANSACTION
control field 20240113235256.0
007 - PHYSICAL DESCRIPTION FIXED FIELD--GENERAL INFORMATION
fixed length control field ta
008 - FIXED-LENGTH DATA ELEMENTS--GENERAL INFORMATION
fixed length control field 050809s1954 g b000 u ben u
040 ## - CATALOGING SOURCE
Original cataloging agency Cotton College,Assam
041 ## - LANGUAGE CODE
Language code of text/sound track or separate title ben
082 ## - DEWEY DECIMAL CLASSIFICATION NUMBER
Classification number 891.444
Item number Ch 458 Pr
100 ## - MAIN ENTRY--PERSONAL NAME
Personal name Choudhury, Pramath.
245 #0 - TITLE STATEMENT
Title Prabandha Sangraha /
Statement of responsibility, etc. Pramath Choudhury.
Medium Textual Documents
250 ## - EDITION STATEMENT
Edition statement 2nd ed. /
260 ## - PUBLICATION, DISTRIBUTION, ETC.
Place of publication, distribution, etc. Calcutta :
Name of publisher, distributor, etc. Biswa Bharati ,
Date of publication, distribution, etc. 1954.
300 ## - PHYSICAL DESCRIPTION
Extent 510p. ;
Dimensions 22cm.
653 ## - INDEX TERM--UNCONTROLLED
Uncontrolled term T/G-Bengali Essay
942 ## - ADDED ENTRY ELEMENTS (KOHA)
Source of classification or shelving scheme Dewey Decimal Classification
Koha item type Books
Holdings
Withdrawn status Lost status Damaged status Not for loan Collection Home library Current library Date acquired Coded location qualifier Total checkouts Full call number Barcode Date last seen Copy number Price effective from Koha item type
          Dr. Suryya Kumar Bhuyan Library Dr. Suryya Kumar Bhuyan Library 01/02/2012 00000   891.444 Ch 458 Pr 82953 13/01/2024 1 01/02/2012 Books
          Dr. Suryya Kumar Bhuyan Library Dr. Suryya Kumar Bhuyan Library 01/02/2012 00000   891.444 Ch 458 Pr 50107 13/01/2024 2 01/02/2012 Books
          Dr. Suryya Kumar Bhuyan Library Dr. Suryya Kumar Bhuyan Library 01/02/2012 00000   891.444 Ch 458 Pr 82952 13/01/2024 3 01/02/2012 Books

Designed and Maintained by Team SKBL
©1901-2026

Powered by Koha